| 000 | 00608nam a22001697a 4500 | ||
|---|---|---|---|
| 003 | NUST | ||
| 038 | _aNusrat Nadeem | ||
| 082 | _a200 | ||
| 100 |
_aBabar, Muhammad _9124513 |
||
| 245 |
_aHarmonizing Health Data: A Machine Learning-Based Detection of Tuberculosis (TB) Co-Infection in HIV Patient’s Data in Pakistan/ _cMuhammad Babar, |
||
| 264 |
_aIslamabad; _bSEECS NUST; _c2024. |
||
| 300 |
_a113,p; _bill; _c30,cm. |
||
| 650 |
_aMS- Information Technology _926924 |
||
| 700 |
_aSupervisor: Dr. Rafia Mumtaz _996700 |
||
| 856 | _uhttp://10.250.8.41:8080/xmlui/handle/123456789/46340 | ||
| 942 |
_2ddc _cSC |
||
| 999 |
_c611398 _d611398 |
||